| 000 | 00433nam a2200169 i 4500 | ||
|---|---|---|---|
| 020 | _a0822101815 | ||
| 040 | _cDLC | ||
| 082 | 0 | 0 | _a540 DIC 1977 A027 Or. |
| 100 | 1 | _aHein, Morris. | |
| 245 | 1 | 0 | _aFoundations of college chemistry / |
| 250 | _a4th ed. | ||
| 260 |
_aEncino, Calif. : _bDickenson Pub. Co., _cc1977. |
||
| 300 |
_axviii, 507 p. : _bill. ; _c27 cm. |
||
| 500 | _aIncludes index. | ||
| 650 | 0 | _aChemistry. | |
| 942 | _cEK | ||
| 999 |
_c13378 _d13378 |
||